[Event "Schleswig Holstein-ch Seniors op 11th"]
[Site "Buesum"]
[Date "2017.09.16"]
[Round "9"]
[White "Gehrmann, Rudolf Rainer"]
[Black "Urbanek, Paul Gerhard"]
[Result "1/2-1/2"]
[WhiteElo "2096"]
[BlackElo "1927"]
[PlyCount "100"]
[EventDate "2017.09.08"]
[EventType "swiss"]
[EventRounds "9"]
[EventCountry "GER"]
[SourceTitle "EXT 2019"]
[Source "ChessBase"]
[SourceDate "2018.10.10"]
[SourceVersion "1"]
[SourceVersionDate "2018.10.10"]
[SourceQuality "1"]

1. c4 e5 2. Nc3 Nc6 3. g3 Nf6 4. Bg2 Be7 5. Nf3 0-0 6. 0-0 h6 7. b3 d6 8. Bb2 Bf5 9. e3 Bd3 10. Ne2 e4 11. Ne1 Ne5 12. Nxd3 Nxd3 13. Bc3 c6 14. f3 d5 15. cxd5 Nxd5 16. fxe4 Nxc3 17. dxc3 Bf6 18. Qc2 Ne5 19. Rad1 Qb6 20. Nd4 Bg5 21. Rde1 c5 22. Nf3 Nxf3+ 23. Rxf3 Rad8 24. c4 Qb4 25. Re2 Rd7 26. Rf5 b6 27. h4 Rd2 28. Qxd2 Qxd2 29. Rxd2 Bxe3+ 30. Kf1 Bxd2 31. Rd5 Bc3 32. Rd7 Be5 33. g4 a5 34. Ke2 f6 35. Ke3 Rf7 36. Rd5 Bc7 37. h5 Re7 38. a3 Kf7 39. b4 cxb4 40. axb4 axb4 41. Rb5 Bd6 42. Rd5 Bc5+ 43. Kf4 b3 44. e5 fxe5+ 45. Kf5 Bd4 46. Rd8 Rc7 47. Bd5+ Ke7 48. Rg8 b2 49. Rxg7+ Kd8 50. Rg8+ Ke7 1/2-1/2

[Event "Schleswig Holstein-ch Seniors op 11th"]
[Site "Buesum"]
[Date "2017.09.15"]
[Round "8"]
[White "Urbanek, Paul Gerhard"]
[Black "Zunker, Reinhard"]
[Result "1/2-1/2"]
[WhiteElo "1927"]
[BlackElo "2103"]
[PlyCount "65"]
[EventDate "2017.09.08"]
[EventType "swiss"]
[EventRounds "9"]
[EventCountry "GER"]
[SourceTitle "EXT 2019"]
[Source "ChessBase"]
[SourceDate "2018.10.10"]
[SourceVersion "1"]
[SourceVersionDate "2018.10.10"]
[SourceQuality "1"]

1. e4 c5 2. Nf3 e6 3. Be2 Nc6 4. 0-0 Nf6 5. Nc3 a6 6. h3 Qc7 7. b3 b5 8. d3 Be7 9. Bb2 Bb7 10. Re1 d6 11. Bf1 Nd7 12. Qd2 0-0 13. Qf4 Bf6 14. Qg3 Nd4 15. Rac1 Nxf3+ 16. gxf3 Qa5 17. Qxd6 Ne5 18. Bg2 Rac8 19. f4 Rc6 20. fxe5 Rxd6 21. exf6 Rd7 22. Re3 g6 23. a3 b4 24. Nb1 Qc7 25. a4 Re8 26. e5 Bxg2 27. Kxg2 Rd4 28. Nd2 Red8 29. Bxd4 cxd4 30. Re4 Rd5 31. Nc4 Qc6 32. Kg1 h6 33. Rce1 1/2-1/2

[Event "Schleswig Holstein-ch Seniors op 11th"]
[Site "Buesum"]
[Date "2017.09.10"]
[Round "3"]
[White "Lomer, Edmund"]
[Black "Urbanek, Paul Gerhard"]
[Result "1/2-1/2"]
[WhiteElo "2065"]
[BlackElo "1927"]
[PlyCount "114"]
[EventDate "2017.09.08"]
[EventType "swiss"]
[EventRounds "9"]
[EventCountry "GER"]
[SourceTitle "EXT 2019"]
[Source "ChessBase"]
[SourceDate "2018.10.10"]
[SourceVersion "1"]
[SourceVersionDate "2018.10.10"]
[SourceQuality "1"]

1. Nf3 Nf6 2. g3 c5 3. Bg2 Nc6 4. d4 cxd4 5. Nxd4 e5 6. Nxc6 dxc6 7. 0-0 Qxd1 8. Rxd1 g6 9. c4 Be6 10. b3 Rd8 11. Rxd8+ Kxd8 12. Bb2 Bd6 13. Nd2 Ke7 14. Nf3 Nd7 15. Rd1 f6 16. Nd2 Rd8 17. Ne4 Bc7 18. Ba3+ Ke8 19. h4 f5 20. Ng5 Bg8 21. e4 h6 22. Nh3 Nf6 23. Rxd8+ Kxd8 24. exf5 gxf5 25. Bf8 h5 26. Ng5 Bb6 27. Bh3 Ng4 28. c5 Bc7 29. Kf1 Ke8 30. Bg7 Bd5 31. Ke2 Bd8 32. Bxg4 hxg4 33. Bxe5 Bxg5 34. hxg5 Kf7 35. Ke3 Kg6 36. Kf4 a5 37. Bc7 a4 38. bxa4 Bxa2 39. Bb6 Bb3 40. a5 Bc4 41. Bd8 Be6 42. f3 gxf3 43. Kxf3 Bd5+ 44. Kf4 Ba2 45. Bb6 Bc4 46. Bd8 Ba6 47. Ke5 Bb5 48. Ke6 Bc4+ 49. Kd7 Ba6 50. Kc7 Kf7 51. Bf6 Kg6 52. Be7 Kf7 53. Bd6 Kg6 54. Bf4 Kf7 55. Kd7 Kg6 56. Ke6 Bc4+ 57. Ke5 Ba6 1/2-1/2

[Event "Schleswig Holstein-ch Seniors op 11th"]
[Site "Buesum"]
[Date "2017.09.09"]
[Round "2"]
[White "Urbanek, Paul Gerhard"]
[Black "Achenbach, Manfred"]
[Result "1/2-1/2"]
[WhiteElo "1927"]
[BlackElo "2083"]
[PlyCount "73"]
[EventDate "2017.09.08"]
[EventType "swiss"]
[EventRounds "9"]
[EventCountry "GER"]
[SourceTitle "EXT 2019"]
[Source "ChessBase"]
[SourceDate "2018.10.10"]
[SourceVersion "1"]
[SourceVersionDate "2018.10.10"]
[SourceQuality "1"]

1. e4 c5 2. Nf3 d6 3. c4 Nc6 4. h3 g6 5. Nc3 Bg7 6. d3 Nd4 7. Nxd4 cxd4 8. Nb1 e5 9. Be2 Ne7 10. 0-0 0-0 11. f4 f5 12. fxe5 dxe5 13. Bg5 h6 14. Bxe7 Qxe7 15. exf5 gxf5 16. Nd2 Be6 17. Bf3 Rad8 18. Qb3 b6 19. Rae1 Qc5 20. a3 a5 21. Qa4 Bf6 22. Qc6 Qxc6 23. Bxc6 Rd6 24. Bd5 Bxd5 25. cxd5 Rxd5 26. Rxf5 Bg5 27. Rxf8+ Kxf8 28. Nc4 Bf4 29. Nxb6 Rb5 30. Nc4 Rb3 31. Nxe5 Kg7 32. Nc4 Rxd3 33. Nxa5 Bd2 34. Re5 Be3+ 35. Kf1 Rd1+ 36. Ke2 Rd2+ 37. Kf3 1/2-1/2

[Event "Schleswig Holstein-ch Seniors op 10th"]
[Site "Buesum"]
[Date "2016.10.03"]
[Round "8"]
[White "Urbanek, Paul Gerhard"]
[Black "Kaufmann, Helmut"]
[Result "1-0"]
[WhiteElo "1891"]
[BlackElo "1986"]
[PlyCount "79"]
[EventDate "2016.09.26"]
[EventType "swiss"]
[EventRounds "9"]
[EventCountry "GER"]
[SourceTitle "EXT 2019"]
[Source "ChessBase"]
[SourceDate "2018.10.10"]
[SourceVersion "1"]
[SourceVersionDate "2018.10.10"]
[SourceQuality "1"]

1. e4 g6 2. d4 Bg7 3. Nf3 d6 4. h3 a6 5. Bc4 e6 6. 0-0 h6 7. d5 e5 8. Bd3 Ne7 9. c4 Nd7 10. Nc3 0-0 11. Be3 f5 12. exf5 gxf5 13. Be2 Ng6 14. Qc2 Qe8 15. Ne1 Nf6 16. f4 e4 17. Rd1 h5 18. Qc1 Kf7 19. Nc2 Rh8 20. Nd4 h4 21. Kf2 Nh5 22. Bxh5 Rxh5 23. Nce2 b6 24. Ke1 Bd7 25. Kd2 Bf6 26. Kc2 Ne7 27. Kb1 Rh6 28. Rg1 Qh8 29. Nc2 Rg6 30. Ned4 Rag8 31. Rd2 Rg3 32. Qd1 b5 33. cxb5 axb5 34. Ne6 Bxe6 35. dxe6+ Kxe6 36. Nd4+ Kd7 37. Qb3 d5 38. Qxb5+ c6 39. Nxc6 Rxe3 40. Ne5+ 1-0

[Event "Schleswig Holstein-ch Seniors op 10th"]
[Site "Buesum"]
[Date "2016.09.27"]
[Round "2"]
[White "Urbanek, Paul Gerhard"]
[Black "Scholtyssek, Werner"]
[Result "1-0"]
[WhiteElo "1891"]
[BlackElo "1744"]
[PlyCount "93"]
[EventDate "2016.09.26"]
[EventType "swiss"]
[EventRounds "9"]
[EventCountry "GER"]
[SourceTitle "EXT 2019"]
[Source "ChessBase"]
[SourceDate "2018.10.10"]
[SourceVersion "1"]
[SourceVersionDate "2018.10.10"]
[SourceQuality "1"]

1. e4 d5 2. exd5 Qxd5 3. d4 Nc6 4. Nf3 Bg4 5. Be2 e6 6. 0-0 Nf6 7. h3 Bxf3 8. Bxf3 Qd7 9. c4 0-0-0 10. Qb3 Na5 11. Qc3 Nc6 12. Be3 Nxd4 13. Bxd4 Qxd4 14. Qb3 Qb6 15. Qc2 Bc5 16. Nc3 a6 17. Na4 Qa7 18. b4 Bd4 19. Rab1 b5 20. cxb5 axb5 21. Nc3 Bxc3 22. Qxc3 Rd4 23. Rb3 Nd5 24. Bxd5 Rxd5 25. Ra3 Qb7 26. Rc1 Rhd8 27. Ra8+ Kd7 28. Rxd8+ Kxd8 29. Qxg7 Ke7 30. Qg3 Kd7 31. Qf3 Ke7 32. Qf4 e5 33. Qh4+ Ke6 34. Qxh7 Qb6 35. Qh6+ f6 36. Qg7 Rd2 37. Rc5 Rd7 38. Qf8 e4 39. Qe8+ Kd6 40. Qxe4 c6 41. Qf4+ Ke7 42. Qe3+ Kf7 43. Qf3 Rd6 44. Qb3+ Kf8 45. Rh5 Rd8 46. Rh7 Rd5 47. Qg3 1-0

[Event "Lueneburg distr-ch Meister"]
[Site "Tostedt"]
[Date "2015.10.24"]
[Round "6.8"]
[White "Urbanek, Paul Gerhard"]
[Black "Von Estorff, Jacob"]
[Result "1/2-1/2"]
[WhiteElo "1899"]
[BlackElo "1838"]
[PlyCount "57"]
[EventDate "2015.10.22"]
[EventType "swiss"]
[EventRounds "7"]
[EventCountry "GER"]
[SourceTitle "EXT 2019"]
[Source "ChessBase"]
[SourceDate "2018.10.10"]
[SourceVersion "1"]
[SourceVersionDate "2018.10.10"]
[SourceQuality "1"]

1. e4 c5 2. Nf3 Nc6 3. Bc4 e6 4. 0-0 d5 5. exd5 exd5 6. Bb5 Be6 7. d4 Nf6 8. Ng5 Bg4 9. Re1+ Be7 10. Nf3 0-0 11. Bxc6 bxc6 12. dxc5 Bxc5 13. h3 Bh5 14. Be3 Bxe3 15. Rxe3 Qb6 16. Rb3 Qc5 17. Na3 Ne4 18. Qd4 Bxf3 19. Qxc5 Nxc5 20. Rxf3 Rfe8 21. Rc3 Na4 22. Rxc6 Nxb2 23. Rb1 Na4 24. Rd1 Nb6 25. Nb5 Rec8 26. Nxa7 Rxa7 27. Rxb6 Rxa2 28. Rd2 f6 29. Rd6 1/2-1/2

[Event "Lueneburg op-A"]
[Site "Lueneburg"]
[Date "2015.08.16"]
[Round "2"]
[White "Floren, Dieter"]
[Black "Urbanek, Paul Gerhard"]
[Result "0-1"]
[WhiteElo "1762"]
[BlackElo "1936"]
[PlyCount "72"]
[EventDate "2015.08.15"]
[EventType "swiss"]
[EventRounds "9"]
[EventCountry "GER"]
[SourceTitle "EXT 2016"]
[Source "ChessBase"]
[SourceDate "2015.10.08"]
[SourceVersion "1"]
[SourceVersionDate "2015.10.08"]
[SourceQuality "1"]

1. e4 e5 2. Nf3 Nc6 3. Bc4 Be7 4. 0-0 Nf6 5. Re1 0-0 6. d4 d6 7. h3 h6 8. d5 Nb8 9. Bb3 Ne8 10. Nc3 Nd7 11. Nh2 Nc5 12. Bc4 f5 13. exf5 Bxf5 14. b4 Nd7 15. Bd3 Bxd3 16. Qxd3 Nef6 17. Bd2 Qe8 18. Nf1 Qf7 19. Ng3 Nb6 20. f4 exf4 21. Rxe7 Qxe7 22. Nf5 Qf7 23. Bxf4 Nh5 24. Nxh6+ gxh6 25. Bxh6 Qf2+ 26. Kh2 Nf4 27. Bxf4 Qxf4+ 28. Kh1 Qf6 29. Re1 Rae8 30. Ne4 Qf5 31. Qg3+ Kh8 32. Qh4+ Kg7 33. Qg3+ Qg6 34. Qc3+ Kg8 35. Nf6+ Qxf6 36. Qxf6 Rxe1+ 0-1

[Event "Hamburg St Pauli op-A"]
[Site "Hamburg"]
[Date "2015.07.21"]
[Round "5"]
[White "Kock, Stefan"]
[Black "Urbanek, Paul Gerhard"]
[Result "1-0"]
[WhiteElo "2136"]
[BlackElo "1939"]
[PlyCount "27"]
[EventDate "2015.07.18"]
[EventType "swiss"]
[EventRounds "9"]
[EventCountry "GER"]
[SourceTitle "EXT 2016"]
[Source "ChessBase"]
[SourceDate "2015.10.08"]
[SourceVersion "1"]
[SourceVersionDate "2015.10.08"]
[SourceQuality "1"]

1. e4 e5 2. Nf3 Nc6 3. d4 exd4 4. Bc4 Be7 5. Nxd4 d6 6. Nc3 Nf6 7. 0-0 0-0 8. Re1 Nxd4 9. Qxd4 a6 10. a4 Bd7 11. b4 Bc6 12. Bb2 d5 13. Bxd5 Bxa4 14. Nxa4 1-0

[Event "Hamburg St Pauli op-A"]
[Site "Hamburg"]
[Date "2015.07.19"]
[Round "3"]
[White "Andersen, Jens Knud"]
[Black "Urbanek, Paul Gerhard"]
[Result "1-0"]
[WhiteElo "2164"]
[BlackElo "1939"]
[PlyCount "61"]
[EventDate "2015.07.18"]
[EventType "swiss"]
[EventRounds "9"]
[EventCountry "GER"]
[SourceTitle "EXT 2016"]
[Source "ChessBase"]
[SourceDate "2015.10.08"]
[SourceVersion "1"]
[SourceVersionDate "2015.10.08"]
[SourceQuality "1"]

1. c4 e5 2. Nc3 Nc6 3. Nf3 Nf6 4. e3 d6 5. d4 Be7 6. d5 Nb8 7. e4 Bg4 8. h3 Bxf3 9. Qxf3 0-0 10. Bd3 Ne8 11. h4 Nd7 12. Qh3 Nc5 13. Bc2 Qd7 14. g4 Nf6 15. f3 a5 16. Be3 h5 17. Rg1 c6 18. 0-0-0 cxd5 19. exd5 e4 20. Bxc5 hxg4 21. fxg4 dxc5 22. Bxe4 Nxe4 23. Nxe4 Qa4 24. Qd3 Qxa2 25. d6 Qa1+ 26. Kc2 Qa4+ 27. Kb1 Bd8 28. g5 Qc6 29. Nf6+ Bxf6 30. gxf6 g6 31. Rxg6+ 1-0

[Event "Niedersachsen-ch op-A"]
[Site "Verden"]
[Date "2014.01.04"]
[Round "6"]
[White "Vetter, Torsten"]
[Black "Urbanek, Paul Gerhard"]
[Result "1/2-1/2"]
[WhiteElo "1978"]
[BlackElo "1903"]
[PlyCount "59"]
[EventDate "2014.01.02"]
[EventType "swiss"]
[EventRounds "7"]
[EventCountry "GER"]
[SourceTitle "EXT 2016"]
[Source "ChessBase"]
[SourceDate "2015.10.08"]
[SourceVersion "1"]
[SourceVersionDate "2015.10.08"]
[SourceQuality "1"]

1. d4 Nf6 2. Nf3 g6 3. g3 Bg7 4. Bg2 0-0 5. 0-0 d5 6. Ne5 c6 7. Nd2 Ng4 8. Nxg4 Bxg4 9. c3 e5 10. dxe5 Bxe5 11. Nf3 Bg7 12. Qb3 Qb6 13. Qxb6 axb6 14. Be3 Nd7 15. Rfd1 b5 16. a3 Rfe8 17. Kf1 Bxf3 18. Bxf3 Ne5 19. Bg2 Ng4 20. Bd4 Nxh2+ 21. Ke1 Ng4 22. Bh3 Ne5 23. Bxe5 Rxe5 24. Bg2 Re7 25. Rd2 Rd7 26. Rad1 Re8 27. Kf1 Bf6 28. Bf3 Kg7 29. e3 h5 30. Kg2 1/2-1/2

[Event "Niedersachsen-ch op-A"]
[Site "Verden"]
[Date "2014.01.02"]
[Round "2"]
[White "Hupe, Henning"]
[Black "Urbanek, Paul Gerhard"]
[Result "0-1"]
[WhiteElo "2049"]
[BlackElo "1903"]
[PlyCount "50"]
[EventDate "2014.01.02"]
[EventType "swiss"]
[EventRounds "7"]
[EventCountry "GER"]
[SourceTitle "EXT 2016"]
[Source "ChessBase"]
[SourceDate "2015.10.08"]
[SourceVersion "1"]
[SourceVersionDate "2015.10.08"]
[SourceQuality "1"]

1. e4 e5 2. Nf3 Nc6 3. Bb5 a6 4. Ba4 Nf6 5. 0-0 b5 6. Bb3 Be7 7. d3 0-0 8. c3 d5 9. Nbd2 Bb7 10. Qe2 d4 11. cxd4 Nxd4 12. Nxd4 exd4 13. Nf3 c5 14. Bg5 h6 15. Bxf6 Bxf6 16. Rad1 Qd7 17. Nd2 Rae8 18. f4 c4 19. dxc4 d3 20. Qf3 Bxb2 21. cxb5 axb5 22. Kh1 Bc3 23. Rfe1 Qd8 24. Re3 Bxd2 25. Rxd3 Bxe4 0-1

[Event "Hamburg St Pauli op-A"]
[Site "Hamburg"]
[Date "2013.07.06"]
[Round "1"]
[White "Ghadimi, Mohammed Reza"]
[Black "Urbanek, Paul Gerhard"]
[Result "1-0"]
[WhiteElo "2157"]
[BlackElo "1959"]
[PlyCount "93"]
[EventDate "2013.07.06"]
[EventType "swiss"]
[EventRounds "9"]
[EventCountry "GER"]
[SourceTitle "CBM 155 Extra"]
[Source "ChessBase"]
[SourceDate "2013.08.26"]
[SourceVersion "1"]
[SourceVersionDate "2013.08.26"]
[SourceQuality "1"]

1. e4 e5 2. Nf3 Nc6 3. d4 exd4 4. Bc4 Be7 5. 0-0 d6 6. Nxd4 Nf6 7. Nc3 0-0 8. Nf5 Bxf5 9. exf5 Qd7 10. g4 Ne5 11. Be2 d5 12. f4 Bc5+ 13. Kg2 Nc6 14. g5 Ne8 15. Bg4 f6 16. Qxd5+ Qxd5+ 17. Nxd5 Nd4 18. c3 Nc2 19. Rb1 c6 20. Bd1 cxd5 21. Bxc2 Nc7 22. Bd2 Rfe8 23. Rbe1 Kf8 24. Kf3 Rxe1 25. Rxe1 Re8 26. Rd1 Re7 27. b4 Bb6 28. Bc1 a5 29. bxa5 Bxa5 30. Ba3 Bxc3 31. Bb3 d4 32. gxf6 gxf6 33. Rg1 Ke8 34. Rg8+ Kd7 35. Bxe7 Kxe7 36. Rg7+ Kd6 37. Rxh7 d3 38. Ke4 d2 39. Rh3 Ba5 40. Rd3+ Ke7 41. h4 Na6 42. Rd5 b6 43. h5 Nc5+ 44. Ke3 Nxb3 45. axb3 Kf7 46. Ke2 Kg7 47. Rb5 1-0

[Event "Niedersachsen-ch op-B"]
[Site "Verden"]
[Date "2012.01.02"]
[Round "2"]
[White "Urbanek, Paul Gerhard"]
[Black "Tonndorf, Matthias"]
[Result "1/2-1/2"]
[WhiteElo "1997"]
[BlackElo "2190"]
[PlyCount "132"]
[EventDate "2012.01.02"]
[EventType "swiss"]
[EventRounds "7"]
[EventCountry "GER"]
[SourceTitle "EXT 2021"]
[Source "ChessBase"]
[SourceDate "2020.10.23"]
[SourceVersion "1"]
[SourceVersionDate "2020.10.23"]
[SourceQuality "1"]

1. e4 c5 2. Nf3 e6 3. Bc4 a6 4. a3 b5 5. Ba2 Bb7 6. d3 d6 7. 0-0 Nd7 8. Bf4 Ngf6 9. Nbd2 Be7 10. Qe1 Nh5 11. Bg3 0-0 12. Nb3 a5 13. Nfd2 Nxg3 14. fxg3 Bf6 15. c3 b4 16. Nc4 bxc3 17. bxc3 Qc7 18. Rc1 d5 19. Ncd2 Ne5 20. Bb1 Ba6 21. d4 Nd3 22. Bxd3 Bxd3 23. Rf3 c4 24. Nc5 dxe4 25. Ndxe4 Be7 26. a4 Qc6 27. Nxd3 cxd3 28. Ra1 Qc4 29. Nf2 Rfc8 30. Rxd3 Rab8 31. Rf3 Rb3 32. Ne4 Qd5 33. Qe3 f5 34. Ng5 Rcxc3 35. Qxe6+ Qxe6 36. Nxe6 Rxf3 37. gxf3 Rxf3 38. Rf1 Re3 39. Nc7 Ra3 40. Rxf5 Rxa4 41. Nd5 Bd8 42. Rf1 g5 43. Rd1 Kf7 44. Nc3 Rb4 45. Kf2 a4 46. Ke3 a3 47. Kd3 Bf6 48. h4 gxh4 49. gxh4 Rb2 50. Re1 Rh2 51. Ra1 Rh3+ 52. Kc4 Rxh4 53. Nb5 h5 54. Rxa3 Rh1 55. Rf3 Rd1 56. d5 Rc1+ 57. Kd3 Kg6 58. Nd6 Rd1+ 59. Ke4 Rd4+ 60. Ke3 Rxd5 61. Ne4 Bd4+ 62. Ke2 h4 63. Rf4 Rh5 64. Rg4+ Kh6 65. Rg5 h3 66. Rxh5+ Kxh5 1/2-1/2

[Event "Lueneburg distr-chA"]
[Site "Winsen/Luhe"]
[Date "2011.10.19"]
[Round "6.3"]
[White "Hallekamp, Gerhard"]
[Black "Urbanek, Paul Gerhard"]
[Result "1-0"]
[WhiteElo "2062"]
[BlackElo "2013"]
[PlyCount "73"]
[EventDate "2011.10.??"]
[EventType "swiss"]
[EventRounds "9"]
[EventCountry "GER"]
[SourceTitle "EXT 2013"]
[Source "ChessBase"]
[SourceDate "2012.11.22"]
[SourceVersion "1"]
[SourceVersionDate "2012.11.22"]
[SourceQuality "1"]

1. Nf3 Nf6 2. d4 g6 3. c4 Bg7 4. Nc3 0-0 5. g3 d6 6. Bg2 c6 7. 0-0 Na6 8. e4 Nc7 9. h3 Rb8 10. e5 Nd7 11. exd6 exd6 12. Bf4 Nf6 13. c5 d5 14. b4 Ra8 15. a4 Bf5 16. b5 Qc8 17. bxc6 bxc6 18. Ne5 Ne6 19. Be3 g5 20. a5 Nd7 21. Nxc6 Qxc6 22. Nxd5 Kh8 23. Ne7 Qxg2+ 24. Kxg2 Bg6 25. c6 Nf6 26. Nxg6+ fxg6 27. Qb3 Nc7 28. Rab1 h6 29. Qc4 Nfd5 30. Rb7 a6 31. Rfb1 Rae8 32. R1b3 Kh7 33. Kg1 Rf5 34. Ra7 Ref8 35. Rbb7 R8f7 36. g4 Rf3 37. Qxd5 1-0

[Event "Lueneburg distr-chB"]
[Site "Buxtehude"]
[Date "2005.10.20"]
[Round "8"]
[White "Sturm, Frank"]
[Black "Urbanek, Paul Gerhard"]
[Result "1/2-1/2"]
[WhiteElo "1754"]
[BlackElo "1915"]
[PlyCount "118"]
[EventDate "2005.10.15"]
[EventType "swiss"]
[EventRounds "9"]
[EventCountry "GER"]
[SourceTitle "EXT 2008"]
[Source "ChessBase"]
[SourceDate "2007.11.25"]
[SourceVersion "1"]
[SourceVersionDate "2007.11.25"]
[SourceQuality "1"]

1. e4 e5 2. Nf3 Nc6 3. Bb5 a6 4. Ba4 Nf6 5. 0-0 Be7 6. Re1 b5 7. Bb3 0-0 8. a4 b4 9. d4 Nxd4 10. Nxd4 exd4 11. Qxd4 c5 12. Qd3 d6 13. Bf4 Bb7 14. Nd2 Qd7 15. Nc4 Rad8 16. f3 Rfe8 17. Nb6 Qc7 18. a5 Nd7 19. Ba4 Ne5 20. Qe2 Rf8 21. c3 bxc3 22. bxc3 Bf6 23. Qc2 c4 24. Red1 Qc5+ 25. Kf1 Qxa5 26. Nd5 Bxd5 27. Rxd5 Qc7 28. Bxe5 Bxe5 29. g3 Qc8 30. Kg2 Qc7 31. Qd2 Bf6 32. Bc2 Ra8 33. Rxd6 Bxc3 34. Rd7 Qe5 35. f4 Bxd2 36. fxe5 Bc3 37. Ra4 Rfc8 38. Rd6 a5 39. e6 fxe6 40. Rxe6 Bb4 41. Ra2 Rd8 42. Ba4 Rac8 43. Kf3 Kf7 44. Ra6 Rc7 45. Ke3 Rd3+ 46. Kf4 Rd2 47. Rc2 g6 48. Rxd2 Bxd2+ 49. Ke5 Bb4 50. Re6 Kg7 51. Rc6 Re7+ 52. Kd5 c3 53. g4 g5 54. e5 Rd7+ 55. Ke6 Rf7 56. Bc2 h6 57. Ba4 Rf4 58. Rc7+ Kg8 59. Bb3 Rf8 1/2-1/2

[Event "Lueneburg distr-chB"]
[Site "Buxtehude"]
[Date "2005.10.19"]
[Round "6"]
[White "Urbanek, Paul Gerhard"]
[Black "Huve, Michael"]
[Result "0-1"]
[WhiteElo "1915"]
[BlackElo "1772"]
[PlyCount "102"]
[EventDate "2005.10.15"]
[EventType "swiss"]
[EventRounds "9"]
[EventCountry "GER"]
[SourceTitle "EXT 2008"]
[Source "ChessBase"]
[SourceDate "2007.11.25"]
[SourceVersion "1"]
[SourceVersionDate "2007.11.25"]
[SourceQuality "1"]

1. e4 c5 2. Nf3 d6 3. Bc4 Nf6 4. Nc3 Nc6 5. d4 cxd4 6. Nxd4 e6 7. 0-0 Be7 8. Be3 0-0 9. Bb3 Na5 10. f3 Nxb3 11. Nxb3 a6 12. Ne2 Qc7 13. c3 d5 14. exd5 Nxd5 15. Bf2 b5 16. Qe1 Bb7 17. Ng3 Rfd8 18. Kh1 Nf4 19. Be3 Bh4 20. Nd4 Bd5 21. Qc1 Bxg3 22. hxg3 Nh5 23. Kg1 Qxg3 24. Ne2 Qc7 25. Kf2 Bc4 26. Rh1 Rd5 27. Rh3 Bxe2 28. Kxe2 Ng3+ 29. Kf2 Nf5 30. Qc2 h6 31. Re1 Rad8 32. Bc1 Qc5+ 33. Kf1 Rd3 34. Qe2 Qd6 35. Kf2 Qc5+ 36. Kf1 Qc4 37. g4 Ne7 38. a3 Ng6 39. Kf2 Nf4 40. Bxf4 Qxf4 41. Kf1 Rd2 42. Qe4 Qxe4 43. fxe4 Rxb2 44. Ra1 Rdd2 45. Rg3 Re2 46. a4 Rxe4 47. axb5 axb5 48. Rc1 Rc4 49. Rd1 f6 50. Rd7 b4 51. Rd1 Rxc3 0-1

[Event "Lueneburg distr-chB"]
[Site "Buxtehude"]
[Date "2005.10.17"]
[Round "4"]
[White "Lehmkuhl, Stefan"]
[Black "Urbanek, Paul Gerhard"]
[Result "0-1"]
[WhiteElo "1826"]
[BlackElo "1915"]
[PlyCount "78"]
[EventDate "2005.10.15"]
[EventType "swiss"]
[EventRounds "9"]
[EventCountry "GER"]
[SourceTitle "EXT 2008"]
[Source "ChessBase"]
[SourceDate "2007.11.25"]
[SourceVersion "1"]
[SourceVersionDate "2007.11.25"]
[SourceQuality "1"]

1. d4 Nf6 2. Bg5 g6 3. Bxf6 exf6 4. e3 Bg7 5. Ne2 d5 6. Nf4 c6 7. c4 dxc4 8. Bxc4 0-0 9. 0-0 f5 10. Nc3 Nd7 11. b4 b5 12. Be2 Bb7 13. Bf3 Nf6 14. Nxb5 g5 15. Nxa7 Rxa7 16. Nd3 Ne4 17. Qc2 Qe7 18. Rfc1 Re8 19. Nc5 Nxc5 20. Qxc5 Qxc5 21. Rxc5 f4 22. exf4 Bxd4 23. Rxg5+ Kf8 24. Rd1 Rxa2 25. h3 Bxf2+ 26. Kh2 Be3 27. Kg3 h6 28. Rh5 Kg7 29. b5 Re6 30. f5 Rf6 31. Rd7 Bc8 32. Re7 Bf2+ 33. Kf4 Ra4+ 34. Be4 cxb5 35. g4 Bc5 36. Re8 Bb7 37. g5 hxg5+ 38. Rxg5+ Kh7 39. Rh5+ Rh6 0-1

[Event "Wichern op 5th"]
[Site "Hamburg"]
[Date "1999.10.17"]
[Round "4.85"]
[White "Groeppel, Peter"]
[Black "Urbanek, Paul Gerhard"]
[Result "1-0"]
[WhiteElo "2157"]
[BlackElo "1902"]
[PlyCount "75"]
[EventDate "1999.10.15"]
[EventType "swiss"]
[EventRounds "9"]
[EventCountry "GER"]
[SourceTitle "EXT 2001"]
[Source "ChessBase"]
[SourceDate "2000.11.22"]
[SourceVersion "1"]
[SourceVersionDate "2000.11.22"]
[SourceQuality "1"]

1. d4 Nf6 2. c4 g6 3. Nc3 Bg7 4. e4 d6 5. h3 Nbd7 6. Nf3 0-0 7. Be3 c6 8. g4 e5 9. d5 cxd5 10. cxd5 Qa5 11. Nd2 Nc5 12. Nb3 Nxb3 13. axb3 Qc7 14. Be2 Bd7 15. h4 Qc8 16. Rg1 Ne8 17. h5 Nc7 18. Qd2 Qd8 19. hxg6 fxg6 20. g5 a6 21. Bg4 Nb5 22. Nxb5 Bxb5 23. Be6+ Kh8 24. Qd1 Qe7 25. Qg4 Rf4 26. Qg2 Rh4 27. f3 Bd7 28. Qg3 Rf4 29. Bxf4 exf4 30. Qh3 Bxb2 31. Ra2 Bc3+ 32. Kd1 Bxe6 33. Qxe6 Qxe6 34. dxe6 Bd4 35. Rh1 Re8 36. Rc2 Bb6 37. Rch2 Re7 38. Rxh7+ 1-0